| 000 | 00898nam a2200181Ia 4500 | ||
|---|---|---|---|
| 008 | 100920s9999 xx 000 0 und d | ||
| 082 |
_b30013 _a38 थ 73 |
||
| 100 | _aसंपा.जोग रा.श्री. | ||
| 245 | _aमराठी वाड्र.मयाचा इतिहास खंड पाचवा,भाग पहिला. | ||
| 260 |
_bमहाराष्ट-साहित्य-परिषद, पुणे 30. _c1973 |
||
| 300 |
_a507 _bसाधी |
||
| 365 | _b30 | ||
| 520 | _aशताब्दी ग्रंथ. | ||
| 630 | _aमराठी वाड्र.मयाचा इतिहास खंड पाचवा,भाग पहिला. | ||
| 650 | _aशताब्दी ग्रंथ. | ||
| 730 | _aमराठी वाड्र.मयाचा इतिहास खंड पाचवा,भाग पहिला. | ||
| 942 | _cBOOK | ||
| 999 |
_c685500 _d685497 |
||